header

Diplomacy: (Record no. 259416)

MARC details
000 -LEADER
fixed length control field 00392nam a22001577a 4500
003 - CONTROL NUMBER IDENTIFIER
control field OSt
005 - DATE AND TIME OF LATEST TRANSACTION
control field 20220927113022.0
008 - FIXED-LENGTH DATA ELEMENTS--GENERAL INFORMATION
fixed length control field 220927b xxu||||| |||| 00| 0 eng d
020 ## - INTERNATIONAL STANDARD BOOK NUMBER
International Standard Book Number 9783030859305
040 ## - CATALOGING SOURCE
Transcribing agency N/A
100 ## - MAIN ENTRY--PERSONAL NAME
Personal name G.R Berridge
245 ## - TITLE STATEMENT
Title Diplomacy:
Remainder of title Theory and practice
Statement of responsibility, etc Palgrave Macmillan
250 ## - EDITION STATEMENT
Edition statement 6th
260 ## - PUBLICATION, DISTRIBUTION, ETC. (IMPRINT)
Place of publication, distribution, etc Leicester
Name of publisher, distributor, etc G.R.Berridge
Date of publication, distribution, etc 2022
942 ## - ADDED ENTRY ELEMENTS (KOHA)
Source of classification or shelving scheme Library of Congress Classification
Koha item type Long Loan Books
Holdings
Withdrawn status Lost status Source of classification or shelving scheme Damaged status Not for loan Home library Current library Date acquired Total Checkouts Full call number Barcode Date last seen Date checked out Price effective from Koha item type
    Library of Congress Classification     Rongo University Library Rongo University Library 27/09/2022 3 TZ 1405 .B475 2022 202200379 06/03/2026 18/02/2026 27/09/2022 Long Loan Books
    Library of Congress Classification     Rongo University Library Rongo University Library 27/09/2022 6 TZ 1405 . B475 2022 202200378 17/10/2024 04/10/2024 27/09/2022 Long Loan Books

© 2026 Rongo University
Contact us: librarian | system librarian | Rongo university